000 00508nam a22001817a 4500
005 20150330042349.0
008 010816s2002 at a 001 0 eng
020 _a0534556205
041 0 _aeng
080 _a579.2
100 1 _aBatzing, Barry L.
245 1 0 _aMicrobiology :
_cBarry L. Batzing.
260 _aAustralia ;
_aBelmont, CA :
_bBrooks/Cole,
_c2002.
300 _a780 f. :
_bme il.;
_c28 cm.
_e+ cd
505 _aIndex: f. 765 - 780
650 0 _aMicrobiologjia
942 _2udc
_cBK
999 _c580
_d580